Formar y formarse en la enseñanza (Registro nro. 2423)
[ vista simple ]
| 000 -LEADER | |
|---|---|
| fixed length control field | 01100 a2200241 4500 |
| 001 - CONTROL NUMBER | |
| control field | 34165 |
| 005 - DATE AND TIME OF LATEST TRANSACTION | |
| control field | 20260407155630.0 |
| 008 - FIXED-LENGTH DATA ELEMENTS--GENERAL INFORMATION | |
| fixed length control field | 260407a2015 arg spa d |
| 003 - CONTROL NUMBER IDENTIFIER | |
| control field | AR-UNSa-BCEJYS |
| 040 ## - CATALOGING SOURCE | |
| Original cataloging agency | AR-UNSa-BCEJYS |
| Language of cataloging | spa |
| Transcribing agency | AR-UNSa-BCEJYS |
| 080 ## - UNIVERSAL DECIMAL CLASSIFICATION NUMBER | |
| Universal Decimal Classification number | 371.13 |
| Common auxiliary subdivision | Formación de los profesores y educadores |
| 020 ## - INTERNATIONAL STANDARD BOOK NUMBER | |
| International Standard Book Number | 978-950-12-6161-5 |
| 041 ## - LANGUAGE CODE | |
| Language code of text/sound track or separate title | spa |
| 100 1# - MAIN ENTRY--PERSONAL NAME | |
| Personal name | Edelstein, Gloria |
| 245 10 - TITLE STATEMENT | |
| Title | Formar y formarse en la enseñanza |
| 250 ## - EDITION STATEMENT | |
| Edition statement | 1a ed., 2a. reimp. |
| 264 #1 - PRODUCTION, PUBLICATION, DISTRIBUTION, MANUFACTURE, AND COPYRIGHT NOTICE | |
| Place of production, publication, distribution, manufacture | Buenos Aires : |
| Name of producer, publisher, distributor, manufacturer | Paidós |
| Date of production, publication, distribution, manufacture, or copyright notice | 2015 |
| 300 ## - PHYSICAL DESCRIPTION | |
| Extent | 235 p. |
| Dimensions | 22 cm. |
| 505 ## - FORMATTED CONTENTS NOTE | |
| Formatted contents note | 1. Enseñanza y prácticas reflexivas - 2. Prácticas reflexivas, profesionalización docente y procesos de formación - 3. El valor de la interdisciplina en el estudio de las prácticas de la enseñanza - 4. Intervención profesional e investigación. Una propuesta de formación - 5. Formar y formarse en el análisis de prácticas de la enseñanza |
| 590 ## - LOCAL NOTE (RLIN) | |
| Local note | niveau_biblio:m niveau_hierar:0 |
| 856 41 - ELECTRONIC LOCATION AND ACCESS | |
| Uniform Resource Identifier | <a href="https://biblioeco.unsa.edu.ar/pmb/images/libros/formar_y_formarse.jpg">https://biblioeco.unsa.edu.ar/pmb/images/libros/formar_y_formarse.jpg</a> |
| Link text | Imagen de portada |
| Electronic format type | image/jpeg |
| 942 ## - ADDED ENTRY ELEMENTS (KOHA) | |
| Koha item type | |
| Withdrawn status | Lost status | Damaged status | Not for loan | Home library | Current library | Shelving location | Date acquired | Total checkouts | Full call number | Barcode | Date last seen | Price effective from | Koha item type |
|---|---|---|---|---|---|---|---|---|---|---|---|---|---|
| Biblioteca Prof. Eusebio Cleto del Rey | Biblioteca Prof. Eusebio Cleto del Rey | 07/04/2026 | P371.13 E22 | L125442 | 07/04/2026 | 07/04/2026 | Libro | ||||||
| Biblioteca Prof. Eusebio Cleto del Rey | Biblioteca Prof. Eusebio Cleto del Rey | 07/04/2026 | P371.13 E22 | L125443 | 07/04/2026 | 07/04/2026 | Libro |